00489nam a2200157Ia 4500003000400000008004100004040001600045082001900061100003900080245010800119260005000227300000900277650001000286650001600296650001900312GCL140319s9999 xx 000 0 eng d aGCL / cGCL04aCCb923.1bO M1 aORGANISME GENERAL DE L'INFORMATION10aMOHAMED HOSNI MOUBARAK: PRESIDENT DE LA REPUBLIQUE ARAB D'EGYPTE / cORGANISME GENERAL DE L'INFORMATION a[S.N] : bSTATE INFORMAITON SERVICE ، c1994 a11 P04aEGYPT04aPOLITICIANS04aHOSNI MOUBARAK